Guessing the Taylor Swift Song 2 - Statistics

General Stats
  • This quiz has been taken 26 times
  • The average score is 326 of 450
Answer Stats
Answer % Correct
a
100%
an
100%
I
100%
it
100%
the
100%
The
100%
who
100%
and
95%
And
95%
like
95%
love
95%
of
95%
So
95%
to
95%
us
95%
you
95%
in
90%
its
90%
we
90%
why
90%
don't
86%
for
86%
is
86%
me
86%
my
86%
on
86%
they
86%
what
86%
when
86%
your
86%
can
81%
not
81%
all
76%
be
76%
end
76%
How
76%
how
76%
I'll
76%
I'm
76%
story
76%
that
76%
we're
76%
were
76%
you're
76%
are
71%
at
71%
But
71%
but
71%
can't
71%
I'd
71%
I've
71%
know
71%
never
71%
Now
71%
now
71%
one
71%
say
71%
this
71%
This
71%
up
71%
chapter
67%
day
67%
look
67%
next
67%
Next
67%
Oh
67%
out
67%
tell
67%
think
67%
used
67%
would
67%
Cause
62%
cause
62%
they're
62%
was
62%
way
62%
whay
62%
alone
57%
down
57%
if
57%
knew
57%
looks
57%
lot
57%
met
57%
room
57%
See
57%
see
57%
tragedy
57%
we'd
57%
here
52%
should've
52%
speaking
52%
best
48%
crowded
48%
dying
48%
empty
48%
ending
48%
fall
48%
killing
48%
miss
48%
nothing
48%
people
48%
said
48%
saw
48%
seat
48%
sparks
48%
spot
48%
standing
48%
starting
48%
than
48%
yeah
48%
you'd
48%
act
43%
better
43%
broke
43%
clothes
43%
doing
43%
even
43%
fate
43%
flew
43%
heard
43%
instantly
43%
lucky
43%
many
43%
mind
43%
ones
43%
place
43%
searching
43%
soon
43%
things
43%
twist
43%
wish
43%
avoid
38%
break
38%
care
38%
complication
38%
contest
38%
hands
38%
held
38%
lead
38%
less
38%
liked
38%
looking
38%
losing
38%
might
38%
page
38%
pretending
38%
through
38%
walls
38%
busy
33%
fight
33%
goin'
33%
How'd
33%
lately
33%
loud
33%
miscommunications
33%
nervously
33%
quite
33%
side
33%
silence
33%
simple
33%
since
33%
trying
33%
armor
29%
lay
29%
pride
29%
pulling
29%
battles
24%
rather
24%
scared
24%
No matching quizzes found
Score Distribution
Percent of People with Each Score
Percentile by Number Answered
Your Score History
You have not taken this quiz